Представление документа в формате MARC21

ПолеНазваниеЗначение
  Тип записи a
  Библиографический уровень m
001 Контрольный номер RU/URAIT/599056
005 Дата корректировки 20260429163650.2
008 Кодируемые данные 260429s2026 RU y f j 000 0 rus u
020 Индекс ISBN __
a ISBN 978-5-534-19257-5
c Цена, тираж 1769.00
040 Источник каталогиз. __
a Служба первич. каталог. ИКО Юрайт
c Служба, преобразующая запись ИКО Юрайт
e Правила каталог. RCR
041 Код языка издания __
a Код языка текста rus
044 Код страны публикации __
a Код страны публикации RU
080 Индекс УДК __
a Индекс УДК 519.872(075.8)
084 Индекс другой классификации/Индекс ББК __
2 Источник индекса rubbk
a Индекс другой классификации/Индекс ББК 22.18я73
100 Автор __
a Автор Кузнецов В. В.
q Полное имя Кузнецов Владимир Васильевич
245 Заглавие __
a Заглавие Системы массового обслуживания
b Продолж. заглавия учебник для вузов
c Ответственность В. В. Кузнецов.
256 Характеристики компьютерного файла __
a Характеристики компьютерного файла Электрон. дан.
260 Выходные данные __
a Место издания Москва
b Издательство Юрайт
c Дата издания 2026
300 Физическое описание __
a Объем 332 с
440 Серия __
a Серия Высшее образование
500 Примечания __
a Примечание URL: https://urait.ru/bcode/599056 (дата обращения: 29.04.2026).
520 Аннотация __
a Аннотация Изложены основные понятия теории массового обслуживания, как общеизвестные, так и исследования автора в этой области. При построении моделей используется методология марковских процессов, краткое описание которых приводится в издании. Впервые излагается методика учета ограниченности времени пребывания заявок в системе и очереди; упорядоченные системы и системы с последовательным просеиванием входного потока заявок; многоаппаратные многопотоковые системы массового обслуживания; системы массового обслуживания с ненадежными обслуживающими аппаратами без ограничения и с ограничением времени пребывания заявок в системе, а также системы с обслуживающими аппаратами различной производительности. Предназначено для студентов, аспирантов и преподавателей вузов. А также для научных работников - специалистов в области теории и практики систем массового обслуживания.
538 Прим. о системных особенностях __
a Прим. о системных особенностях Режим доступа: Электронно-библиотечная система Юрайт, для авториз. пользователей
653 Ключевые слова __
a Ключевые слова Автоматика и управление
653 Ключевые слова __
a Ключевые слова Технические науки
653 Ключевые слова __
a Ключевые слова Теория массового обслуживания
653 Ключевые слова __
a Ключевые слова Основы теории массового обслуживания
653 Ключевые слова __
a Ключевые слова Теория вероятностей, математическая статистика и случайные процессы, теория массового обслуживания
653 Ключевые слова __
a Ключевые слова Системы массового обслуживания
653 Ключевые слова __
a Ключевые слова Марковские процессы и теория массового обслуживания
653 Ключевые слова __
a Ключевые слова Моделирование систем массового обслуживания
653 Ключевые слова __
a Ключевые слова Теория систем массового обслуживания
653 Ключевые слова __
a Ключевые слова Теория случайных процессов и основы теории массового обслуживания
653 Ключевые слова __
a Ключевые слова Модели массового обслуживания
653 Ключевые слова __
a Ключевые слова Анализ в теории массового обслуживания
653 Ключевые слова __
a Ключевые слова Случайные процессы и теория массового обслуживания
653 Ключевые слова __
a Ключевые слова Основные методы теории массового обслуживания
653 Ключевые слова __
a Ключевые слова Основы теории систем массового обслуживания
653 Ключевые слова __
a Ключевые слова Интеллектуальные системы массового обслуживания
653 Ключевые слова __
a Ключевые слова Модели и методы теории массового обслуживания
653 Ключевые слова __
a Ключевые слова Марковские цепи и теория массового обслуживания
653 Ключевые слова __
a Ключевые слова Технология построения систем массового обслуживания
653 Ключевые слова __
a Ключевые слова Математическое моделирование систем массового обслуживания
653 Ключевые слова __
a Ключевые слова Теория и моделирование систем массового обслуживания
653 Ключевые слова __
a Ключевые слова Математические методы в теории массового обслуживания
653 Ключевые слова __
a Ключевые слова Основы теории массового обслуживания и имитационное моделирование
653 Ключевые слова __
a Ключевые слова Прикладные задачи теории массового обслуживания
856 Электронный адрес документа 40
n Местонахождение сервера Юрайт
g Электронная книга
q Тип электронного формата html
h Имя пользователя ЮРАЙТ
v Часы доступа к ресурсу 20271231
2 Способ доступа Показать документ
x Служебное примечание https://urait.ru/book/cover/A4B36ADE-F59F-4584-B0CE-DA6D03A6D25C
u URL https://urait.ru/bcode/599056
856 Электронный адрес документа 48
q Тип электронного формата cover
u URL https://urait.ru/book/cover/A4B36ADE-F59F-4584-B0CE-DA6D03A6D25C
911 __
u 0030=https://urait.ru/bcode/599056
911 __
u 073a=9785534192575
u 073d=1769.00
911 __
u 106a=s
911 __
u 900l=
952 Тип литературы __
i Дисциплина Теория массового обслуживания
952 Тип литературы __
i Дисциплина Основы теории массового обслуживания
952 Тип литературы __
i Дисциплина Теория вероятностей, математическая статистика и случайные процессы, теория массового обслуживания
952 Тип литературы __
i Дисциплина Системы массового обслуживания
952 Тип литературы __
i Дисциплина Марковские процессы и теория массового обслуживания
952 Тип литературы __
i Дисциплина Моделирование систем массового обслуживания
952 Тип литературы __
i Дисциплина Теория систем массового обслуживания
952 Тип литературы __
i Дисциплина Теория случайных процессов и основы теории массового обслуживания
952 Тип литературы __
i Дисциплина Модели массового обслуживания
952 Тип литературы __
i Дисциплина Анализ в теории массового обслуживания
952 Тип литературы __
i Дисциплина Случайные процессы и теория массового обслуживания
952 Тип литературы __
i Дисциплина Основные методы теории массового обслуживания
952 Тип литературы __
i Дисциплина Основы теории систем массового обслуживания
952 Тип литературы __
i Дисциплина Интеллектуальные системы массового обслуживания
952 Тип литературы __
i Дисциплина Модели и методы теории массового обслуживания
952 Тип литературы __
i Дисциплина Марковские цепи и теория массового обслуживания
952 Тип литературы __
i Дисциплина Технология построения систем массового обслуживания
952 Тип литературы __
i Дисциплина Математическое моделирование систем массового обслуживания
952 Тип литературы __
i Дисциплина Теория и моделирование систем массового обслуживания
952 Тип литературы __
i Дисциплина Математические методы в теории массового обслуживания
952 Тип литературы __
i Дисциплина Основы теории массового обслуживания и имитационное моделирование
952 Тип литературы __
i Дисциплина Прикладные задачи теории массового обслуживания